002660000a220007300045001000016000002450086000163000061001027730029001631 aBrown, Bill10aWhat's a witness to do? : How you can be effective in telling friends about Jesus aVol. 76, Num 3 (Julio-Septiambre, 1996), Páginas 15-160 tLatin America Evangelist